Library Banner

Duniya e Islam/ (Record no. 98717)

MARC details
000 -LEADER
fixed length control field 00381nam a22001457a 4500
005 - DATE AND TIME OF LATEST TRANSACTION
control field 20171003101142.0
008 - FIXED-LENGTH DATA ELEMENTS--GENERAL INFORMATION
fixed length control field 171003b xxu||||| |||| 00| 0 eng d
040 ## - CATALOGING SOURCE
Transcribing agency PK-LaUMT
082 ## - DEWEY DECIMAL CLASSIFICATION NUMBER
Classification number PKAC 297.0917671
Item number JAM-D
100 ## - MAIN ENTRY--PERSONAL NAME
Personal name James Kirtzec
245 ## - TITLE STATEMENT
Title Duniya e Islam/
Statement of responsibility, etc James Kirtzec
260 ## - PUBLICATION, DISTRIBUTION, ETC. (IMPRINT)
Place of publication, distribution, etc لاہور:
Name of publisher, distributor, etc مقبول اکیڈمی،
Date of publication, distribution, etc [ ]
300 ## - PHYSICAL DESCRIPTION
Extent 517 ص
942 ## - ADDED ENTRY ELEMENTS (KOHA)
Koha item type Books
Holdings
Withdrawn status Lost status Damaged status Home library Current library Date acquired Full call number Barcode Date last seen Price effective from Koha item type
      UMT Main Campus UMT Main Campus 2017-10-03 PKAC 297.0917671 JAM-D 114540 2017-10-03 2017-10-03 Books